[Event "CUB-ch (Women)"]
[Site "Pinar del Rio"]
[Date "2024.02.16"]
[Round "9"]
[White "Caballero Ramos, Greter"]
[Black "Valdes Boza, Aliett"]
[Result "1/2-1/2"]
[WhiteElo "2100"]
[BlackElo "1944"]
[PlyCount "148"]
[EventDate "2024.02.08"]
[EventType "swiss"]
[EventRounds "10"]
[EventCountry "CUB"]
[SourceTitle "CB08_2024"]
[SourceDate "2024.02.21"]
[SourceVersion "1"]
[SourceVersionDate "2024.02.21"]
[SourceQuality "1"]

1. e4 c5 2. Nf3 e6 3. d4 cxd4 4. Nxd4 a6 5. Bd3 Nf6 6. Nc3 Qc7 7. Qe2 Bc5 8. Nb3 Bb4 9. Bd2 Nc6 10. 0-0 b5 11. f4 d6 12. a3 Bxc3 13. Bxc3 e5 14. h3 h5 15. Qf2 Qa7 16. a4 b4 17. Bd2 Qxf2+ 18. Rxf2 a5 19. Re2 0-0 20. Bb5 Bb7 21. f5 Rfd8 22. Bg5 Ne7 23. Rd1 Ba6 24. Bxa6 Rxa6 25. Kf2 Kf8 26. Kf3 Nh7 27. Bh4 Rc8 28. g4 g5 29. Be1 h4 30. c3 f6 31. Rc2 Ke8 32. Rdc1 Nf8 33. cxb4 Rxc2 34. Rxc2 axb4 35. a5 Nc6 36. Rc4 Nxa5 37. Nxa5 Rxa5 38. Bxb4 Ra6 39. Rc8+ Ke7 40. Ba3 Nd7 41. Ke3 Ra4 42. Rc6 Rd4 43. b4 Rd1 44. b5 Rb1 45. Bxd6+ Ke8 46. Rc8+ Kf7 47. Rd8 Nb6 48. Rf8+ Kg7 49. Be7 Rxb5 50. Rxf6 Rb3+ 51. Kf2 Rb2+ 52. Ke1 Rb4 53. Kd2 Nd7 54. Rg6+ Kf7 55. Bxg5 Rb3 56. Rh6 Nc5 57. Rxh4 Nxe4+ 58. Kc2 Rc3+ 59. Kb2 Rf3 60. Bd8 Nf2 61. Rh7+ Kg8 62. Re7 Rxh3 63. f6 Rf3 64. g5 Ng4 65. Rg7+ Kh8 66. Rd7 Rf5 67. Be7 Kg8 68. Rd8+ Kh7 69. Kc2 e4 70. Rd4 Kg6 71. Rxe4 Ne5 72. Kc3 Rxg5 73. f7 Rg3+ 74. Kd4 Nxf7 1/2-1/2

[Event "CUB-ch (Women)"]
[Site "Pinar del Rio"]
[Date "2024.02.14"]
[Round "7"]
[White "Hernandez Machado, Patricia M"]
[Black "Caballero Ramos, Greter"]
[Result "1-0"]
[WhiteElo "2154"]
[BlackElo "2100"]
[PlyCount "77"]
[EventDate "2024.02.08"]
[EventType "swiss"]
[EventRounds "10"]
[EventCountry "CUB"]
[SourceTitle "CB08_2024"]
[SourceDate "2024.02.21"]
[SourceVersion "1"]
[SourceVersionDate "2024.02.21"]
[SourceQuality "1"]

1. Nf3 Nf6 2. g3 d5 3. Bg2 e6 4. 0-0 Be7 5. d3 0-0 6. Nbd2 c5 7. e4 Nc6 8. Re1 Qc7 9. Qe2 b5 10. e5 Nd7 11. c3 Bb7 12. h4 Rfc8 13. Nf1 a5 14. Bf4 Qd8 15. Bh3 b4 16. Ng5 Bxg5 17. hxg5 a4 18. a3 bxc3 19. bxc3 Na5 20. Nh2 Nb3 21. Rad1 d4 22. c4 Qb6 23. Qh5 Nf8 24. Bg2 Ra7 25. Ng4 Bc6 26. Nf6+ Kh8 27. Be4 Bxe4 28. Nxe4 Na5 29. Kg2 Nc6 30. Rh1 Ne7 31. Rb1 Qc6 32. Rb5 Qa8 33. Rhb1 Nf5 34. Kf1 Rac7 35. Ke2 Qa7 36. g4 Ng6 37. Bh2 Nfh4 38. Bg3 Ng2 39. Qh2 1-0

[Event "CUB-ch (Women)"]
[Site "Pinar del Rio"]
[Date "2024.02.13"]
[Round "6"]
[White "Caballero Ramos, Greter"]
[Black "Rodriguez Rivero, Jinela De Cari"]
[Result "1/2-1/2"]
[WhiteElo "2100"]
[BlackElo "2011"]
[PlyCount "147"]
[EventDate "2024.02.08"]
[EventType "swiss"]
[EventRounds "10"]
[EventCountry "CUB"]
[SourceTitle "CB08_2024"]
[SourceDate "2024.02.21"]
[SourceVersion "1"]
[SourceVersionDate "2024.02.21"]
[SourceQuality "1"]

1. e4 e5 2. Nf3 Nc6 3. Nc3 Nf6 4. Bb5 Bb4 5. 0-0 0-0 6. d3 d6 7. Ne2 Ne7 8. c3 Ba5 9. Ng3 c6 10. Ba4 Ng6 11. Re1 h6 12. h3 Re8 13. d4 Bc7 14. Bc2 Qe7 15. Nf5 Qf8 16. dxe5 dxe5 17. Nh2 Nf4 18. Qf3 Bxf5 19. exf5 Qd6 20. Ng4 Nxg4 21. Qxg4 Qf6 22. g3 Nd5 23. c4 Nb4 24. Be4 Rad8 25. Qf3 Na6 26. Be3 Bb6 27. a3 Nc5 28. Bc1 Nxe4 29. Rxe4 Rd4 30. b4 Rxe4 31. Qxe4 Bd4 32. Ra2 Rd8 33. Kg2 Bc3 34. Re2 Qd6 35. Qg4 Qf6 36. Qh5 Rd3 37. Re4 Rd4 38. Qf3 Rxe4 39. Qxe4 Qd6 40. Be3 a6 41. Bc5 Qd8 42. b5 axb5 43. cxb5 b6 44. Be3 cxb5 45. Qc6 Bd4 46. Qxb5 Qa8+ 47. Kh2 Qxa3 48. Qe8+ Qf8 49. Qc6 Bxe3 50. fxe3 Qb8 51. Qb5 Kf8 52. Qb4+ Kg8 53. Qb5 Qc7 54. h4 Qc2+ 55. Kg1 Qxf5 56. Qxb6 g6 57. Qc5 Qe4 58. Kf2 h5 59. Qc3 Kg7 60. Qc5 Qf5+ 61. Kg2 e4 62. Qd4+ Kh7 63. Qd2 Qf3+ 64. Kh2 Qf1 65. Qa2 Qf3 66. Qd2 Qg4 67. Qa2 Qd7 68. Qf2 Kg8 69. Qb2 Qd3 70. Qb8+ Kh7 71. Qf4 Qe2+ 72. Kg1 Qe1+ 73. Kg2 Qe2+ 74. Kg1 1/2-1/2

[Event "CUB-ch (Women)"]
[Site "Pinar del Rio"]
[Date "2024.02.11"]
[Round "4"]
[White "Caballero Ramos, Greter"]
[Black "Ordaz Valdes, Lisandra Teresa"]
[Result "0-1"]
[WhiteElo "2100"]
[BlackElo "2310"]
[PlyCount "104"]
[EventDate "2024.02.08"]
[EventType "swiss"]
[EventRounds "10"]
[EventCountry "CUB"]
[SourceTitle "CB08_2024"]
[SourceDate "2024.02.21"]
[SourceVersion "1"]
[SourceVersionDate "2024.02.21"]
[SourceQuality "1"]

1. e4 e5 2. Nf3 Nc6 3. Nc3 Nf6 4. Bb5 Bb4 5. 0-0 0-0 6. d3 Bxc3 7. bxc3 d6 8. h3 Ne7 9. Re1 c6 10. Bc4 Ng6 11. d4 d5 12. exd5 e4 13. Ne5 cxd5 14. Bb3 Qc7 15. Nxg6 hxg6 16. Bg5 Be6 17. Bd2 Rac8 18. Rb1 b5 19. Qe2 a6 20. a4 Rb8 21. axb5 axb5 22. Ra1 Rfe8 23. Ra3 Bd7 24. Rea1 Bc6 25. Be3 Nh5 26. Qg4 Ra8 27. Qg5 Rxa3 28. Rxa3 Qb7 29. Ra5 Nf6 30. Qg3 Ra8 31. Rxa8+ Qxa8 32. Bg5 Nh7 33. Be7 Nf6 34. Bb4 Qe8 35. Qg5 Qe6 36. Ba3 Qf5 37. Qe3 g5 38. g4 Qf3 39. Bc1 Qxe3 40. Bxe3 Nh7 41. Kg2 f6 42. f3 exf3+ 43. Kxf3 Nf8 44. h4 gxh4 45. g5 Ng6 46. Kg4 Kf7 47. gxf6 gxf6 48. Bf2 Bd7+ 49. Kh5 Kg7 50. Ba2 Be6 51. Bb3 h3 52. Bg3 f5 0-1

[Event "CUB-ch (Women)"]
[Site "Pinar del Rio"]
[Date "2024.02.09"]
[Round "2"]
[White "Caballero Ramos, Greter"]
[Black "Miranda Llanes, Yerisbel"]
[Result "1/2-1/2"]
[WhiteElo "2100"]
[BlackElo "2262"]
[PlyCount "115"]
[EventDate "2024.02.08"]
[EventType "swiss"]
[EventRounds "10"]
[EventCountry "CUB"]
[SourceTitle "CB08_2024"]
[SourceDate "2024.02.21"]
[SourceVersion "1"]
[SourceVersionDate "2024.02.21"]
[SourceQuality "1"]

1. e4 e5 2. Nf3 Nc6 3. Nc3 Nf6 4. Bb5 Bd6 5. 0-0 a6 6. Bc4 Bc5 7. d3 h6 8. Be3 Be7 9. h3 d6 10. Bb3 Na5 11. Qe2 Nxb3 12. axb3 0-0 13. Rfd1 Re8 14. d4 exd4 15. Bxd4 Bf8 16. Qd3 Nd7 17. b4 c6 18. b5 Qc7 19. Qc4 Nb6 20. Qd3 Rb8 21. bxa6 bxa6 22. b3 Bb7 23. Nh4 d5 24. exd5 Nxd5 25. Nxd5 cxd5 26. Nf5 Re4 27. Ng3 Re6 28. c3 Rbe8 29. b4 Qf4 30. Qf5 Qc7 31. Qd3 g6 32. Qd2 Qc4 33. Re1 Bg7 34. Rxe6 Rxe6 35. Bxg7 Kxg7 36. Re1 Bc8 37. Nf1 d4 38. cxd4 Rxe1 39. Qxe1 Qxd4 40. Ne3 Bb7 41. Nc2 Qb2 42. Ne3 Kh7 43. Ng4 h5 44. Ne3 Kg7 45. Nc4 Qd4 46. Ne3 Be4 47. Nf1 Bc6 48. Nh2 Kg8 49. Nf3 Bxf3 50. gxf3 Kg7 51. Qe2 Qf6 52. Qe4 g5 53. Kg2 Qe6 54. Qb7 Qc4 55. Qe7 Qf4 56. Qb7 Qc4 57. Qe7 Qd5 58. Kg3 1/2-1/2

[Event "World ol U16"]
[Site "Nakhchivan"]
[Date "2022.10.10"]
[Round "9.2"]
[White "Omonova, Umida"]
[Black "Caballero Ramos, Greter"]
[Result "1-0"]
[WhiteElo "2196"]
[BlackElo "1912"]
[PlyCount "75"]
[EventDate "2022.10.02"]
[EventType "team-swiss"]
[EventRounds "9"]
[EventCountry "AZE"]
[SourceTitle "CBM 210 Extra"]
[Source "ChessBase"]
[SourceDate "2022.11.30"]
[SourceVersion "1"]
[SourceVersionDate "2022.11.30"]
[SourceQuality "1"]
[WhiteTeam "Uzbekistan"]
[BlackTeam "Cuba"]
[WhiteTeamCountry "UZB"]
[BlackTeamCountry "CUB"]

1. e4 e6 2. d4 d5 3. Nd2 Nf6 4. e5 Nfd7 5. Bd3 c5 6. c3 Nc6 7. Ne2 cxd4 8. cxd4 f6 9. exf6 Nxf6 10. 0-0 Bd6 11. Nf3 0-0 12. Bf4 Bxf4 13. Nxf4 Ne4 14. Qc1 Ng5 15. Nxg5 Qxg5 16. Ne2 Qg4 17. Qe3 Bd7 18. Rad1 Rae8 19. f4 Nb4 20. Bb1 Bb5 21. Rd2 Rf6 22. Rf3 Ref8 23. Nc3 Be8 24. Rdf2 Bg6 25. h3 Qh4 26. g3 Qh6 27. Bxg6 Qxg6 28. Kh2 Nc6 29. Re2 Qf7 30. Qd3 Ne7 31. Nd1 g5 32. Ne3 gxf4 33. Ng4 fxg3+ 34. Rxg3 Kh8 35. Nxf6 Qxf6 36. Qa3 Ng6 37. Qe3 Qf1 38. Rxg6 1-0

[Event "World ol U16"]
[Site "Nakhchivan"]
[Date "2022.10.09"]
[Round "8.5"]
[White "Sustov, Savva"]
[Black "Caballero Ramos, Greter"]
[Result "1/2-1/2"]
[WhiteElo "2020"]
[BlackElo "1912"]
[PlyCount "167"]
[EventDate "2022.10.02"]
[EventType "team-swiss"]
[EventRounds "9"]
[EventCountry "AZE"]
[SourceTitle "CBM 210 Extra"]
[Source "ChessBase"]
[SourceDate "2022.11.30"]
[SourceVersion "1"]
[SourceVersionDate "2022.11.30"]
[SourceQuality "1"]
[WhiteTeam "Moldova"]
[BlackTeam "Cuba"]
[WhiteTeamCountry "MDA"]
[BlackTeamCountry "CUB"]

1. e4 e6 2. d4 d5 3. e5 c5 4. c3 Qb6 5. Nf3 Nc6 6. a3 Nh6 7. b4 cxd4 8. cxd4 Nf5 9. Bb2 Bd7 10. Be2 Be7 11. 0-0 0-0 12. Qd2 h6 13. Rd1 Rac8 14. Nc3 Qd8 15. Rac1 a6 16. Bd3 Nh4 17. Nxh4 Bxh4 18. Bc2 Kh8 19. Na4 Be7 20. Nc5 Rc7 21. Rb1 Bc8 22. Bc1 Bg5 23. f4 Be7 24. Qd3 g6 25. f5 exf5 26. Bxh6 Re8 27. Qh3 Kg8 28. Bf4 Bg5 29. Bxg5 Qxg5 30. Bb3 b6 31. Na4 b5 32. Nc5 Ne7 33. Qf3 Rd8 34. Rbc1 Rc6 35. Rc3 Kg7 36. Qf2 Rh8 37. Rg3 Qh4 38. h3 f4 39. Rf3 Qxf2+ 40. Rxf2 g5 41. Ra2 Rb6 42. Kf2 Rd8 43. Bc2 Nc6 44. Rb2 Kh6 45. Nb3 Be6 46. Kf3 Rc8 47. Bd3 Rbb8 48. Kf2 Rc7 49. Be2 Ne7 50. Nc5 Rc6 51. Ra2 Nf5 52. a4 Ne3 53. Rdd2 Nc4 54. Rdc2 Ne3 55. Rc3 bxa4 56. Rxa4 Rbb6 57. Rc1 Bf5 58. Bxa6 Bc2 59. Ra2 Rxb4 60. Raxc2 Nxc2 61. Rxc2 Rxd4 62. Rc1 Rd2+ 63. Be2 Kg6 64. Kf3 Ra2 65. Nd3 Rxc1 66. Nxc1 Ra4 67. Bd3+ Kh6 68. Bf5 Ra3+ 69. Nd3 Rc3 70. Ke2 Ra3 71. e6 fxe6 72. Bxe6 d4 73. Bf5 Kg7 74. Kf3 Kf6 75. Be4 Rb3 76. h4 gxh4 77. Kxf4 Rb8 78. Ne1 Rg8 79. Bf3 Re8 80. Nd3 Re3 81. Nf2 Ra3 82. Kg4 Ke5 83. Kxh4 Kf4 84. Nd1 1/2-1/2

[Event "World ol U16"]
[Site "Nakhchivan"]
[Date "2022.10.04"]
[Round "3.3"]
[White "Abdinova, Narmin"]
[Black "Caballero Ramos, Greter"]
[Result "1-0"]
[WhiteElo "1740"]
[BlackElo "1912"]
[PlyCount "119"]
[EventDate "2022.10.02"]
[EventType "team-swiss"]
[EventRounds "9"]
[EventCountry "AZE"]
[SourceTitle "CBM 210 Extra"]
[Source "ChessBase"]
[SourceDate "2022.11.30"]
[SourceVersion "1"]
[SourceVersionDate "2022.11.30"]
[SourceQuality "1"]
[WhiteTeam "Azerbaijan"]
[BlackTeam "Cuba"]
[WhiteTeamCountry "AZE"]
[BlackTeamCountry "CUB"]

1. e4 e6 2. Qe2 c5 3. g3 Nc6 4. Nf3 g6 5. Bg2 Bg7 6. 0-0 Nge7 7. c3 0-0 8. Rd1 d5 9. d4 dxe4 10. Qxe4 cxd4 11. cxd4 Qb6 12. Na3 Rd8 13. Nc4 Qb5 14. Bf1 Qd5 15. Qxd5 Nxd5 16. Nce5 Bd7 17. Bc4 Be8 18. Nxc6 Bxc6 19. Ne5 Nb6 20. Bb3 Ba4 21. Bxa4 Nxa4 22. Be3 Rac8 23. b3 Nc3 24. Rd2 Nd5 25. Nd3 Rc3 26. Rc1 Rdc8 27. Rxc3 Rxc3 28. Kf1 b6 29. Ke2 Kf8 30. Rb2 Ke7 31. Kd2 Kd6 32. Rc2 Rxd3+ 33. Kxd3 Nb4+ 34. Kd2 Nxc2 35. Kxc2 Kd5 36. Kd3 g5 37. g4 h6 38. h3 f6 39. f4 gxf4 40. Bxf4 e5 41. dxe5 fxe5 42. Bd2 e4+ 43. Ke2 Bf8 44. h4 Ke5 45. Be3 Kd5 46. a4 Kc6 47. Bd4 Be7 48. Bg7 Bxh4 49. Bxh6 Kd6 50. Ke3 Kd5 51. g5 a6 52. g6 Ke6 53. Bf8 Kf6 54. g7 Kf7 55. Kxe4 Bf2 56. Kd5 Be3 57. Kc6 Bf2 58. Kb7 a5 59. Ka6 Be3 60. Bd6 1-0

[Event "World ol U16"]
[Site "Nakhchivan"]
[Date "2022.10.02"]
[Round "1.8"]
[White "Caballero Ramos, Greter"]
[Black "Humbatova, Nazli"]
[Result "1/2-1/2"]
[WhiteElo "1912"]
[BlackElo "1632"]
[PlyCount "80"]
[EventDate "2022.10.02"]
[EventType "team-swiss"]
[EventRounds "9"]
[EventCountry "AZE"]
[SourceTitle "CBM 210 Extra"]
[Source "ChessBase"]
[SourceDate "2022.11.30"]
[SourceVersion "1"]
[SourceVersionDate "2022.11.30"]
[SourceQuality "1"]
[WhiteTeam "Cuba"]
[BlackTeam "Azerbaijan Nakhchivan"]
[WhiteTeamCountry "CUB"]
[BlackTeamCountry "AZE"]

1. e4 e6 2. d4 d5 3. exd5 exd5 4. Bd3 Bd6 5. Qf3 Nc6 6. c3 Be6 7. Ne2 Qd7 8. Bf4 0-0-0 9. Bxd6 Qxd6 10. 0-0 Qd7 11. Nd2 Nge7 12. Nb3 b6 13. Ba6+ Kb8 14. Qd3 Ka8 15. Qb5 Rb8 16. Nf4 Bf5 17. Rfe1 g5 18. Nd3 f6 19. Re3 Qd6 20. Rae1 Bd7 21. Qa4 Nf5 22. Rh3 Ncxd4 23. Qb4 Nxb3 24. Qxb3 h5 25. Nb4 c6 26. Rd3 Rbe8 27. Red1 Re5 28. Nc2 Qc7 29. c4 dxc4 30. Bxc4 Bc8 31. Qc3 Be6 32. Bxe6 Rxe6 33. Rd7 Qb8 34. Nb4 Rc8 35. Qc4 Qe5 36. Rxa7+ Kxa7 37. Qa6+ Kb8 38. Qxb6+ Ka8 39. Qa6+ Kb8 40. Qb6+ Ka8 1/2-1/2

[Event "CUB-ch U18 Girls"]
[Site "Pinar del Rio"]
[Date "2019.07.02"]
[Round "7"]
[White "Cardosa Espino, Adria"]
[Black "Caballero Ramos, Greter"]
[Result "1-0"]
[WhiteElo "1827"]
[BlackElo "1546"]
[PlyCount "95"]
[EventDate "2019.06.28"]
[EventType "swiss"]
[EventRounds "9"]
[EventCountry "CUB"]
[SourceTitle "CBM 195 Extra"]
[Source "ChessBase"]
[SourceDate "2020.05.31"]
[SourceVersion "1"]
[SourceVersionDate "2020.05.31"]
[SourceQuality "1"]

1. e4 e6 2. d4 d5 3. exd5 exd5 4. Qf3 Bd6 5. Bd3 Ne7 6. Ne2 Nbc6 7. c3 Be6 8. Bf4 Ng6 9. Nd2 Qe7 10. 0-0-0 0-0-0 11. Rhe1 Qd7 12. Bxd6 Qxd6 13. g3 Na5 14. Nb3 Nxb3+ 15. axb3 Qb6 16. Kc2 Ne7 17. Nf4 Nc6 18. Nxe6 fxe6 19. Qg4 Rhf8 20. Qxe6+ Kb8 21. f4 Rf6 22. Qe2 h6 23. Bb5 Rdf8 24. Qe8+ Nd8 25. Qe2 g5 26. Rf1 gxf4 27. gxf4 Rxf4 28. Bd3 Qf6 29. Rxf4 Qxf4 30. Rf1 Qd6 31. Qe5 Qxe5 32. dxe5 Rxf1 33. Bxf1 c6 34. Bh3 Kc7 35. Kd3 c5 36. Ke3 Nc6 37. Kf4 Kd8 38. Bg2 Ne7 39. e6 b6 40. Ke5 d4 41. cxd4 cxd4 42. Kxd4 Nf5+ 43. Ke5 Ne3 44. Kf6 Ng4+ 45. Kf7 Ne5+ 46. Kf8 Ng6+ 47. Kg7 Nf4 48. Kf7 1-0

[Event "CUB-ch U18 Girls"]
[Site "Pinar del Rio"]
[Date "2019.06.28"]
[Round "2"]
[White "Caballero Ramos, Greter"]
[Black "Bosch Valls, Leannet Mariah"]
[Result "0-1"]
[WhiteElo "1546"]
[BlackElo "2054"]
[PlyCount "68"]
[EventDate "2019.06.28"]
[EventType "swiss"]
[EventRounds "9"]
[EventCountry "CUB"]
[SourceTitle "CBM 195 Extra"]
[Source "ChessBase"]
[SourceDate "2020.05.31"]
[SourceVersion "1"]
[SourceVersionDate "2020.05.31"]
[SourceQuality "1"]

1. e4 d6 2. d4 Nf6 3. Nc3 Nbd7 4. f3 e5 5. d5 Nc5 6. Be3 a6 7. Qd2 b5 8. Bd3 g6 9. Nge2 Bg7 10. 0-0 0-0 11. Bh6 b4 12. Nd1 a5 13. Bxg7 Kxg7 14. Ne3 Bd7 15. Ng3 Rb8 16. Nc4 Nxd3 17. cxd3 c6 18. dxc6 Bxc6 19. d4 Bb5 20. Rfc1 Bxc4 21. Rxc4 d5 22. exd5 Qxd5 23. Rc5 Qxd4+ 24. Qxd4 exd4 25. Rxa5 Rfc8 26. Rd1 Rc2 27. Rxd4 Rxb2 28. Ra4 Rb5 29. Ne4 Nxe4 30. Rxe4 Rd5 31. h4 Rdd2 32. Rg4 h5 33. Rg5 Rd4 34. g3 Rd1# 0-1

[Event "Victoria de Giron Cup tt"]
[Site "Matanzas"]
[Date "2018.10.02"]
[Round "2.2"]
[White "Morell Fuentes, Analia"]
[Black "Caballero Ramos, Greter"]
[Result "1-0"]
[WhiteElo "1575"]
[BlackElo "1634"]
[PlyCount "25"]
[EventDate "2018.10.02"]
[EventType "team-tourn"]
[EventRounds "9"]
[EventCountry "CUB"]
[SourceTitle "EXT 2021"]
[Source "ChessBase"]
[SourceDate "2020.10.23"]
[SourceVersion "1"]
[SourceVersionDate "2020.10.23"]
[SourceQuality "1"]

1. e4 e6 2. d4 d5 3. Nc3 Bb4 4. exd5 exd5 5. Nf3 Bxc3+ 6. bxc3 Bg4 7. Be2 Nf6 8. Ba3 Ne4 9. Qd3 Nd7 10. 0-0 c5 11. dxc5 Ndxc5 12. Qd4 Ne6 13. Bb5+ 1-0

[Event "Agosto de Victorias op"]
[Site "Mayabeque"]
[Date "2018.08.07"]
[Round "7"]
[White "Caballero Ramos, Greter"]
[Black "Del Toro Rivera, Flavia Aurora"]
[Result "0-1"]
[WhiteElo "1629"]
[BlackElo "1454"]
[PlyCount "68"]
[EventDate "2018.08.04"]
[EventType "swiss"]
[EventRounds "9"]
[EventCountry "CUB"]
[SourceTitle "EXT 2021"]
[Source "ChessBase"]
[SourceDate "2020.10.23"]
[SourceVersion "1"]
[SourceVersionDate "2020.10.23"]
[SourceQuality "1"]

1. e4 e5 2. Nf3 Nf6 3. Nc3 Nc6 4. Bb5 Nd4 5. Bc4 Nxf3+ 6. Qxf3 Bc5 7. 0-0 d6 8. Nd5 Nxd5 9. Bxd5 0-0 10. d3 c6 11. Bb3 Be6 12. Bxe6 fxe6 13. Qh3 Qf6 14. Be3 Bxe3 15. Qxe3 d5 16. Rae1 Rae8 17. Qxa7 Qe7 18. a3 c5 19. Qa5 Ra8 20. Qc3 Rfe8 21. Qxe5 d4 22. c3 Rad8 23. h3 Qd6 24. Qxd6 Rxd6 25. Rc1 b5 26. cxd4 Rxd4 27. Rxc5 Rxd3 28. Rxb5 Rc8 29. f3 Rc2 30. Rf2 Rd1+ 31. Rf1 Rdd2 32. g4 Rg2+ 33. Kh1 Rh2+ 34. Kg1 Rcg2# 0-1

[Event "Agosto de Victorias op"]
[Site "Mayabeque"]
[Date "2018.08.05"]
[Round "3"]
[White "Caballero Ramos, Greter"]
[Black "Trastoy Cardenas, Nestor Leonel"]
[Result "1/2-1/2"]
[WhiteElo "1629"]
[BlackElo "1873"]
[PlyCount "61"]
[EventDate "2018.08.04"]
[EventType "swiss"]
[EventRounds "9"]
[EventCountry "CUB"]
[SourceTitle "EXT 2021"]
[Source "ChessBase"]
[SourceDate "2020.10.23"]
[SourceVersion "1"]
[SourceVersionDate "2020.10.23"]
[SourceQuality "1"]

1. e4 c5 2. Nf3 Nc6 3. d4 cxd4 4. Nxd4 Nf6 5. Nc3 d6 6. Be3 e5 7. Nb3 a5 8. a4 Be6 9. Nd2 Be7 10. Nc4 0-0 11. Bb6 Qd7 12. Be3 Bxc4 13. Bxc4 Rac8 14. 0-0 Nd4 15. Qd3 Ne6 16. Bxe6 fxe6 17. Bg5 Ng4 18. Bxe7 Qxe7 19. f3 Nh6 20. Rf2 Rf6 21. Nb5 Nf7 22. Rd1 Rg6 23. Qd2 b6 24. Qe3 Rc6 25. Rfd2 h6 26. Qf2 Ng5 27. Kh1 Nf7 28. Rd3 Rg5 29. R1d2 Rh5 30. Qg3 g5 31. Qe1 1/2-1/2